LEADER 01331nam a2200277 i 4500 001 000000036254 003 CaOOAMICUS 005 20240112143712.0 008 100521s1977 it u000 u ita u 013 $a5508 040 $aSeMil$bita 100 1 $aMitterhöfer, Jakob.$0(OLS)http://semarc/name/17055 240 10$aThema mission.$0(OLS)http://semarc/title/50075 245 13$aLa missione :$bimpegno di tutti : l'impegno missionario ha ancora un senso? : la dimensione missionaria della chiesa locale : missioni interne e missioni estere /$cJakob Mitterhoefer ; traduzione di Alberto Zamboni. 260 $aBologna :$bEDB,$c1977. 300 $a203 p. ;$c19 cm. 490 0 $aLa fede oggi ;$v21 650 4$aMissioni.$0(OLS)http://semarc/subject/3486 700 1 $aZamboni, Alberto.$0(OLS)http://semarc/name/17056 830 3$aLa fede oggi ;$v21.$0(OLS)http://semarc/title/6626 850 $aSeMil 852 $aSeMil$W1$xVenegono$y1$m2F IV 235$j2409$B2409$CSeMilBibl$Z2$F2409 $81 961 $aOmaggio: Donazione 996 $6245$aLa missione :$bimpegno di tutti : l'impegno missionario ha ancora un senso? : la dimensione missionaria della chiesa locale : missioni interne e missioni estere$9(OLS)http://semarc/title/50074 996 $6260$aBologna :$bEDB$9(OLS)http://semarc/publisher/29669 LEADER 01410nam a2200289 i 4500 001 000000065382 003 CaOOAMICUS 005 20110124000000.0 008 110124s1998 gw u000 u ger u 013 $a36554 020 $a3-402-04063-8 040 $aSeMil$bita 100 1 $aJeggle-Merz, Birgit.$0(OLS)http://semarc/name/32872 245 10$aErneuerung der Kirche aus dem Geist der Liturgie :$bder Pastoralliturgiker Athanasius Wintersig/Ludwig A. Winterswyl /$cBirgit Jeggle-Merz. 260 $aMünster :$bAschendorff,$c1998. 300 $a449 p. :$b1 ritr. ;$c24 cm. 490 0 $aLiturgiewissenschaftliche Quellen und Forschungen ;$v84 500 $aContiene : Bibliographie (pp. [359]-433). 650 4$aLiturgia - Pastorale.$0(OLS)http://semarc/subject/1999 650 4$aWintersig, Athanasius.$0(OLS)http://semarc/subject/12745 830 0$aLiturgiewissenschaftliche Quellen und Forschungen ;$v84.$0(OLS)http://semarc/title/188 850 $aSeMil 852 $aSeMil$W1$xVenegono$y1$m3KA D 84$j223614$B31535$CSeMilBibl$Z2$F31538 $81 961 $aSottoscrizione: Aschendorff 996 $6020$a3-402-04063-8$9(OLS)http://semarc/number/42680 996 $6245$aErneuerung der Kirche aus dem Geist der Liturgie :$bder Pastoralliturgiker Athanasius Wintersig/Ludwig A. Winterswyl$9(OLS)http://semarc/title/103753 996 $6260$aMünster :$bAschendorff$9(OLS)http://semarc/publisher/29674